Housing (Codes of Management Practice) (Student Accommodation) (England) Order 2010 (Record no. 111449)

MARC details
000 -LEADER
fixed length control field 01050cad a22002295a 4500
001 - CONTROL NUMBER
control field L151567
008 - FIXED-LENGTH DATA ELEMENTS--GENERAL INFORMATION
fixed length control field 101117s2010 xxk f f000 0 eng d
035 ## - SYSTEM CONTROL NUMBER
System control number (Sirsi) u151567
041 0# - LANGUAGE CODE
Language code of text/sound track or separate title eng
050 04 - LIBRARY OF CONGRESS CALL NUMBER
Classification number 306.1 $2 18
110 2# - MAIN ENTRY--CORPORATE NAME
Corporate name or jurisdiction name as entry element United Kingdom
Form subheading Laws, etc.
9 (RLIN) 5044
245 00 - TITLE STATEMENT
Title Housing (Codes of Management Practice) (Student Accommodation) (England) Order 2010
260 ## - PUBLICATION, DISTRIBUTION, ETC.
Place of publication, distribution, etc. London
Name of publisher, distributor, etc. HM Government
Date of publication, distribution, etc. 2010
490 #0 - SERIES STATEMENT
Series statement SI
Volume/sequential designation 2010: 2615
520 ## - SUMMARY, ETC.
Summary, etc. Approves UK Universities and Guild HE "Code of Practice for management of student housing". Lays down standards of conduct and practice to be followed with regard to the management of living accommodation comprised in buildings that fall within Housing Act 2004 Sched 14 para 4 for England.
590 ## - LOCAL NOTE (RLIN)
Local note KA
650 24 - SUBJECT ADDED ENTRY--TOPICAL TERM
Topical term or geographic name entry element HOUSING ACT 2004
651 #4 - SUBJECT ADDED ENTRY--GEOGRAPHIC NAME
Geographic name England
Chronological subdivision 886-
690 ## - LOCAL SUBJECT ADDED ENTRY--TOPICAL TERM (OCLC, RLIN)
Topical term or geographic name as entry element PROPERTY-RESIDENTIAL PROPERTY-COMMUNAL RESIDENTIAL PROPERTY
856 40 - ELECTRONIC LOCATION AND ACCESS
Uniform Resource Identifier <a href="https://www.legislation.gov.uk/uksi/2010/2615/contents/made">https://www.legislation.gov.uk/uksi/2010/2615/contents/made</a>
Public note View this item free of charge at www.legislation.gov.uk
942 ## - ADDED ENTRY ELEMENTS (KOHA)
Suppress in OPAC 0
Holdings
Withdrawn status Lost status Source of classification or shelving scheme Damaged status Not for loan Home library Current library Shelving location Date acquired Total Checkouts Full call number Barcode Date last seen Copy number Price effective from Koha item type
    Dewey Decimal Classification     Virtual Virtual Online 17/11/2010   ONLINE PUBLICATION 151567-2001 06/08/2019 1 06/08/2019 Book